Catálogo de la Biblioteca Horacio González - Universidad Nacional de General Sarmiento

Pancho Villa : (Registro nro. 54894)

Detalles MARC
000 -CABECERA
campo de control de longitud fija 01365ngm a22003130a 4500
001 - NÚMERO DE CONTROL
campo de control PT35374
003 - IDENTIFICADOR DEL NÚMERO DE CONTROL
campo de control AR-LpoUNG
005 - FECHA Y HORA DE LA ÚLTIMA TRANSACCIÓN
campo de control 20210202000446.0
007 - CAMPO FIJO DE DESCRIPCIÓN FÍSICA--INFORMACIÓN GENERAL
campo de control de longitud fija vd cvaizq
008 - DATOS DE LONGITUD FIJA--INFORMACIÓN GENERAL
campo de control de longitud fija 191001s2006||||ag |||||||||||||||||spa d
037 ## - FUENTE DE ADQUISICIÓN
Condiciones de disponibilidad $1.12
040 ## - FUENTE DE LA CATALOGACIÓN
Centro catalogador/agencia de origen AR-LpoUNG
Lengua de catalogación spa
Centro/agencia transcriptor AR-LpoUNG
Normas de descripción aacr
041 ## - CÓDIGO DE LENGUA
Código de lengua del texto/banda sonora o título independiente spa
044 ## - CÓDIGO DEL PAÍS DE LA ENTIDAD EDITORA/PRODUCTORA
Código MARC del país ag
082 0# - NÚMERO DE LA CLASIFICACIÓN DECIMAL DEWEY
Número de clasificación 972.081 6 114pan
100 1# - ENTRADA PRINCIPAL--NOMBRE DE PERSONA
Nombre de persona Taboada Tabone, Francesco
Término indicativo de función/relación dir.
245 10 - MENCIÓN DE TÍTULO
Título Pancho Villa :
Resto del título la revolución no ha terminado
260 ## - PUBLICACIÓN, DISTRIBUCIÓN, ETC.
Lugar de publicación, distribución, etc. Buenos Aires :
Nombre del editor, distribuidor, etc. Miradas al sur,
Fecha de publicación, distribución, etc. 2006.
300 ## - DESCRIPCIÓN FÍSICA
Extensión DVD (90 min.) : son., col.
520 ## - SUMARIO, ETC.
Sumario, etc. En el mismo día que Pancho Villa invadió el pueblo de Columbus, perpetuando así el primer ataque al territorio estadounidense realizado por un ejército latinoamericano, nació un hombre bautizado con el nombre de Ernesto Villa Nava, orgullosamente hijo del General Francisco Villa. A la muerte del Caudillo, su madre lo llevó a vivir a Estados Unidos y le dijo: "Nunca reveles quién es tu padre, pues nuestras vidas corren peligro". 83 años después, el viejo Ernesto regresa a México para descubrir que su padre es hoy uno de los guías morales de los campesinos de México y un héroe nacional.
650 #4 - PUNTO DE ACCESO ADICIONAL DE MATERIA--TÉRMINO DE MATERIA
Término de materia o nombre geográfico como elemento de entrada HISTORIA
650 #4 - PUNTO DE ACCESO ADICIONAL DE MATERIA--TÉRMINO DE MATERIA
Término de materia o nombre geográfico como elemento de entrada MEXICO
650 #4 - PUNTO DE ACCESO ADICIONAL DE MATERIA--TÉRMINO DE MATERIA
Término de materia o nombre geográfico como elemento de entrada REVOLUCION
653 ## - TÉRMINO DE INDIZACIÓN--NO CONTROLADO
Término no controlado DOCUMENTALES
653 ## - TÉRMINO DE INDIZACIÓN--NO CONTROLADO
Término no controlado DVD
653 ## - TÉRMINO DE INDIZACIÓN--NO CONTROLADO
Término no controlado VIDEOS
905 ## - ELEMENTOS DE DATOS E LOCAL, LDE (RLIN)
a 35374
942 ## - ELEMENTOS DE PUNTO DE ACCESO ADICIONAL (KOHA)
Tipo de ítem Koha DVD
Existencias
Estado de retiro Estado de pérdida Estado dañado No para préstamo Código de colección Localización permanente Ubicación/localización actual Fecha de adquisición Total de préstamos Signatura topográfica completa Código de barras Fecha visto por última vez Precio válido a partir de Tipo de ítem Koha
        Colección Cine Biblioteca Universidad Nacional de General Sarmiento Biblioteca Universidad Nacional de General Sarmiento 02/02/2021   972.081 6 114pan 00041335 02/02/2021 02/02/2021 DVD
        Colección Cine Biblioteca Universidad Nacional de General Sarmiento Biblioteca Universidad Nacional de General Sarmiento 02/02/2021   972.081 6 114pan 00041336 02/02/2021 02/02/2021 DVD